000 00869nam a22002177a 4500
999 _c18276
_d18276
003 AR-CdUCM
008 190513b ||||| |||| 00| 0 spa d
040 _aMUNICIPALIDAD PROVINCIAL DEL CUSCO
_cBIBLIOTECA MUNICIPAL DEL CUSCO
082 _a376.9 /
_bT38
245 _aTeoría y practica del planeamiento integral de la educación /
260 _aBuenos Aires :
_bÁngel estrada y Cía,
_c1971.
300 _a281 páginas ;
_c20 cm.
440 _aBiblioteca de ciencias de la educación
_98526
505 _aContenido: Introducción general -- La universidad como unidad de producción -- Consideraciones teóricas sobre el planeamiento de la educación...
650 _aEducación
_9460
650 _aUniversidad
_91570
650 _aPlanes nacionales de educación
_938771
700 _aVarios autores
_938772
942 _2ddc
_cLIBROS
945 _adavv
_d2019-05-13